| 000 | 00450nam a2200169Ia 4500 | ||
|---|---|---|---|
| 003 | OSt | ||
| 005 | 20210920122812.0 | ||
| 008 | 190216s9999||||xx |||||||||||||| ||und|| | ||
| 040 | _coclc | ||
| 082 |
_a892.73 _bHUS/A |
||
| 100 |
_aHussain, Thaha _98685 |
||
| 245 | 0 |
_aAla Hamish Asseera / _cThaha Hussain |
|
| 260 |
_bDarul Maariy, _aEgypt: |
||
| 300 | _a243p | ||
| 650 | _aArabic | ||
| 942 |
_cBK _2ddc _h892.73 _iHUS/A _k892.73 _mHUS/A |
||
| 999 |
_c91 _d91 |
||